00436nam a2200157 a 45000010005000000030009000050080041000140400028000550820016000831000019000992450058001182600041001763000014002174900015002316500032002461288CO-ViMGA141112s2004 ck r 000 u spa d aCO-ViMGAbspacCO-ViMGA04a927.5 M137p1 aPaquet, Marcel10aRene Margritte 1898 - 1967 : bel pensamiento visible aColonia : bBenedict Taschen, c1994 a96 p : il aTaschen, 114aMARGRITTE, RENE 1898 - 1967